Word Ladder: Boring & Tedious Quiz Stats

 Plays Quiz Updated Apr 14, 2012

Support Sporcle.
Go Orange.
Score 0/24 Timer 04:00
0 Plays Today
Hint Answer % Correct
First word in a letter to Abby, John, or Prudence.DEAR
81.7%
What a bird uses for almost everything apart from flyingBEAK
80.9%
Italian automakerFIAT
79.5%
Word after grocery, laundry, or bucketLIST
78.6%
Handmade smashing deviceFIST
71%
Author StokerBRAM
70.8%
...dull, uninteresting…FLAT
68.8%
PbLEAD
66.3%
Word paired with 'hum' to mean ...dull, uninteresting…DRUM
61.7%
...dull, uninteresting…DEAD
60.8%
Amount of poison Romeo buys to kill himselfDRAM
58.6%
What you plant in something to make it yoursFLAG
47.4%
Hint Answer % Correct
Chemical substanceDRUG
45.3%
Bummer, or situation that is ...dull, uninteresting...DRAG
43.7%
Word before off, out, or 'and tear'WEAR
42.7%
...dull, uninteresting… (or description of previous clue)WEAK
41%
Word someone pretending to shoot you might sayBLAM
40.6%
Marine slang for kill, wound, or assaultFRAG
40%
Actresses Salonga, Thompson, and MicheleLEAS
39%
...dull, uninteresting…BLAH
31.1%
''A Long Way Gone: Memoirs of a Boy Soldier'' author IshmaelBEAH
28.4%
Word often cited when Americans talk about how the British use different words for thingsLIFT
24.3%
[With first rung] ...dull, uninteresting…LESS
18.8%
[With final rung] ...dull, uninteresting…LIFE
16.9%

Today's Daily Dose

You're not logged in!

Compare scores with friends on all Sporcle quizzes.
OR
Log In

From the Vault

Literary Character by Quote

by peterpan55

Literary characters say the darndest things.
Remove Ads.
Support Sporcle.
Get the best of Sporcle when you Go Orange. This ad-free experience offers more features, more stats, and more fun while also helping to support Sporcle. Thank you for becoming a member.

Show Comments

Extras

Top Quizzes Today


Score Distribution

Your Account Isn't Verified!

In order to create a playlist on Sporcle, you need to verify the email address you used during registration. Go to your Sporcle Settings to finish the process.

Report this User

Report this user for behavior that violates our Community Guidelines.

Details: